| 000 | 01405nam2a2200253 i 4500 | ||
|---|---|---|---|
| 001 | RU\NLR\BIBL_A\011274298 | ||
| 005 | 20240729041118.0 | ||
| 010 |
_a9785170991211 _93500 |
||
| 021 |
_aRU _b2016-84512 _95523 |
||
| 035 | _a(NLR Aleph) 011274298 | ||
| 090 |
_a10836400 _c10836400 |
||
| 100 | _a20161117g20169999u y0rusy50 ca | ||
| 101 | 1 |
_arus _ceng |
|
| 102 | _aRU | ||
| 105 | _ay z 000ay | ||
| 200 | 1 |
_aЧужой _iНашествие _e[фантастический роман _fпер. с англ. Олега Перфильева] |
|
| 210 | _d2016 | ||
| 215 | _a350, [1] с. | ||
| 320 | _aДр. кн. авт. на 2-й с. | ||
| 461 | 0 |
_1001RU\NLR\BIBL_A\011118660 _12001#$aВойна ярости$eтрилогия$e[оригинальная история, базирующаяся на блокбастерах киностудии "Двадцатый век Фокс"]$fТим Леббон$g[пер. с англ. Эльги Ботнарь]$vКн. 2 _1700#1$aЛеббон$bТ.$f1969-$gТим$3RU\NLR\AUTH\770158687 _911507565 _aЛеббон, Т. (1969-) _cМосква _d2016 _fТим Леббон _nАСТ _oтрилогия : [оригинальная история, базирующаяся на блокбастерах киностудии "Двадцатый век Фокс"] _tВойна ярости _vКн. 2 |
|
| 942 | _cBOOK | ||
| 980 | _aNBR | ||